00386nam a2200133 a 450000100100000000500170001000800410002704000250006808200160009311000290010924500240013826000560016230000340021800003129320200930062829.0110617s2005 dr ac 000 0 spa d aDO-SdBNPbspacBNPHU axxxxbF981i2 aFundación Falconbridge10aInforme anual 2005. aSanto Domingo :bFundación Falconbridge,c[2005]. a61 p :bil., retrs. ;c29 cm.